Normal view
MARC view
- Wheeler R.J
Entry Personal Name
001 - CONTROL NUMBER
- control field: 46211
003 - CONTROL NUMBER IDENTIFIER
- control field: NUST
005 - DATE AND TIME OF LATEST TRANSACTION
- control field: 20210314133444.0
008 - FIXED-LENGTH DATA ELEMENTS
- fixed length control field: 210314|| aca||aabn | a|a d
040 ## - CATALOGING SOURCE
- Original cataloging agency: NUST
- Transcribing agency: NUST
100 ## - HEADING--PERSONAL NAME
- Personal name: Wheeler R.J
670 ## - SOURCE DATA FOUND
- Source citation: Work cat.: (NUST): Wheeler R.J, Building quantities worked example, 1992
